| 000 | 00342nam a2200133Ia 4500 | ||
|---|---|---|---|
| 008 | 240624s9999 xx 000 0 und d | ||
| 041 | _aeng | ||
| 082 | _a658.3 RAJ | ||
| 100 | _aRAJU P V L | ||
| 245 | _aHUMAN RESOURCES THE EMERGING PROFILE | ||
| 260 |
_c2004 _aHyderabad _bICFAI press |
||
| 300 | _axi, , 198 , 23 : p. : cm. | ||
| 365 |
_cRS _b50 |
||
| 999 |
_c6547 _d6547 |
||